Yin lun : 1 juan /

Saved in:
Bibliographic Details
Main Author: Gu, Yanwu, 1613-1682.
Format: Book
Language:Chinese
Published: Guangzhou : Xue hai tang, Xianfeng 10 [1860]
Series:Huang qing jing jie ; 1.
Tags: Add Tag
No Tags, Be the first to tag this record!
LEADER 00916cam a2200277ui 4500
001 007714200-4
005 20024617112705.0
008 980219s1860 cc 000 0 chi d
035 0 |a ocm38471795 
040 |a *YNH*  |c *YNH*  |d CStRLIN 
100 1 |6 880-01  |a Gu, Yanwu,  |d 1613-1682. 
245 1 0 |6 880-02  |a Yin lun :  |b 1 juan /  |c Gu Yanwu zhu. 
260 |6 880-03  |a Guangzhou :  |b Xue hai tang,  |c Xianfeng 10 [1860] 
300 |a 1 v. 
490 1 |6 880-04  |a Huang qing jing jie ;  |v 1 
500 |6 880-05  |a Bu kan ben. 
500 |a Double leaves, oriental style, in case. 
880 1 |6 100-01  |a 顧炎武,  |d 1613-1682. 
880 1 0 |6 245-02  |a 音論 :  |b 1卷 /  |c 顧炎武著. 
880 |6 260-03  |a 廣州 :  |b 學海堂,  |c 咸豐10 [1860] 
880 1 |6 490-04  |a 皇清經解 ;  |v 1 
880 |6 500-05  |a 補刊本. 
830 0 |6 880-54  |a Huang qing jing jie ;  |v 1. 
880 0 |6 830-54  |a 皇清經解 ;  |v 1. 
988 |a 20021121 
906 |0 MH